000 01987nam a2200241Ii 4500
008 221202s xx 000 0 und d
100 1 _aAtkinson, Will,
_eauthor
245 4 _aThe Class Structure of Capitalist Societies
246 _aVolume 1: A Space of Bounded Variety
264 _bTaylor & Francis
_c2020
300 _a1 online resource
336 _atext
_btxt
_2rdacontent
337 _acomputer
_bc
_2rdamedia
338 _aonline resource
_bcr
_2rdacarrier
520 _aThis first volume of The Class Structure of Capitalist Societies offers a bold and wide-ranging assessment of the shape and effects of class systems across a diverse range of capitalist nations. Plumbing a trove of data and deploying cutting-edge techniques, it carefully maps the distribution of the key sources of power and documents the major convergences and divergences between market societies old and new. Establishing that the multidimensional vision of class proposed decades ago by Pierre Bourdieu appears to hold good throughout Europe, parts of the wider Western world and Eastern Asia, the book goes on to examine a number of significant themes: the relationship between class and occupation; the intersection of class with gender, religion, geography and age; the correspondences between social position and political attitudes; self-positioning in the class structure; and the extent of belief in meritocracy. For all the striking cross-national commonalities, however, the book unearths consistent variations seemingly linked to distinct politico-economic regimes. This title will appeal to scholars and advanced undergraduate and postgraduate students interested in sociology, politics and demography and is essential reading for all those interested in social class across the globe.
653 _aAtkinson
653 _aBounded
653 _aClass
653 _aSocieties
653 _aWill
856 _uhttp://library.oapen.org/handle/20.500.12657/39525
942 _cE-BOOK
999 _c66108
_d66108